Microbiology : (رقم التسجيلة. 79522)

تفاصيل مارك
000 -الفاتح
حقل البيانات ثابتة الطول 01059pam a2200325 a 4500
001 - رقم الضبط
رقم الضبط 24217806
003 - محدد رقم الضبط
رقم الضبط OCoLC
005 - وقت وتاريخ اخر تعامل مع التسجيلة
رقم الضبط 20210306174206.0
008 - عناصر البيانات ثابتة الطول - معلومات عامة
حقل البيانات ثابتة الطول 910724s2020 ii b 001 0 eng
010 ## - رقم ضبط مكتبة الكونجرس
رقم ضبط مكتبة الكونجرس 91026219
015 ## - رقم الببليوجرافية الوطنية
رقم الببليوجرافية الوطنية GB92-35432
020 ## - الرقم الدولى المعيارى للكتب
الرقم الدولى المعيارى للكتاب 9789353437855
040 ## - مصدر الفهرسة
وكالة الفهرسة الأصلية DLC
وكالة النسخ DLC
وكالة التعديل COU
-- UKM
-- CIN
050 00 - رقم طلب مكتبة الكونجرس
رقم التصنيف QR41.2
رقم المادة .T67 1991
082 00 - رقم تصنيف ديوى العشرى
رقم التصنيف 576
رقم الطبعة 22
رقم المادة TGM
100 1# - المدخل الرئيسى - إسم شخصى
الإسم الشخصى Tortora, Gerard J
9 (RLIN) 38025
245 10 - بيان العنوان
العنوان Microbiology :
بقية العنوان an introduction /
بيان المسئوليه,etc Gerard J. Tortora, Berdell R. Funke, Christine L. Case
250 ## - بيان الطبعة
بيان الطبعة 12h ed
260 ## - PUBLICATION, DISTRIBUTION, ETC. (IMPRINT)
مكان الناشر او الموزع New Delhi :
اسم الناشر او الموزع Pearson :
تاريخ النشر أو التوزيع 2020
300 ## - الوصف المادى
التعداد xxxiv, 955 p. :
تفاصيل ماديه اخرى للوعاء ill. (some col.), col. maps ;
أبعاد الوعاء 29 cm
490 1# - بيان السلسلة
عنوان السلسلة The Benjamin/Cummings series in the life sciences
504 ## - تبصرة ببليوجرافية
تبصرة ببليوجرافية,الخ Includes bibliographical references and index
650 #0 - المدخل الاضافى بالموضوع-مصطلح موضوعى
مصطلح موضوعي أو اسم جغرافي كعنصر مدخل Microbiology
9 (RLIN) 88719
650 #2 - المدخل الاضافى بالموضوع-مصطلح موضوعى
مصطلح موضوعي أو اسم جغرافي كعنصر مدخل Microbiology
9 (RLIN) 88719
653 0# - مصطلح تكشيفى غير مقيد
مصطلح غير مقيد Microbiology
700 1# - المدخل الاضافى - اسم شخصى
الإسم الشخصى Funke, Berdell R
9 (RLIN) 38026
700 1# - المدخل الاضافى - اسم شخصى
الإسم الشخصى Case, Christine L.,
التواريخ المصاحبة للاسم 1948-
9 (RLIN) 88720
830 #0 - المدخل الاضافى بالسلسلة -عنوان موحد
عنوان موحد Benjamin/Cummings series in the life sciences
9 (RLIN) 88721
999 ## -
-- 79522
-- 316799
942 ## -
-- ddc
-- BOOK
المقتنيات
حالة الفقد نموذج السعر الفعال حالة تلف ليس للاعارة رقم الطلب Current library تاريخ الاكتساب Serial Enumeration / chronology الباركود الفرع الرئيسي Date last seen نوع المادة فى نظام كوها مصدر التصنيف او خطة الترفيف Total Checkouts
  2021-03-06     576 TGM المكتبة المركزية بالمجمعة (CL) 2021-03-06 CL 00168006 المكتبة المركزية بالمجمعة (CL) 2021-03-06 كتاب Dewey Decimal Classification  
  2021-03-06     576 TGM المكتبة المركزية بالمجمعة (CL) 2021-03-06 CL 00168007 المكتبة المركزية بالمجمعة (CL) 2021-03-06 كتاب Dewey Decimal Classification  
  2021-03-06     576 TGM المكتبة المركزية بالمجمعة (CL) 2021-03-06 CL 00168008 المكتبة المركزية بالمجمعة (CL) 2021-03-06 كتاب Dewey Decimal Classification  
  2021-03-06     576 TGM مكتبة مجمع الكليات بالزلفى - طلاب (SZM) 2021-03-06 CL 00168042 مكتبة مجمع الكليات بالزلفى - طلاب (SZM) 2021-03-06 كتاب Dewey Decimal Classification  
  2021-03-06     576 TGM مكتبة مجمع الكليات بالزلفى - طلاب (SZM) 2021-03-06 CL 00168043 مكتبة مجمع الكليات بالزلفى - طلاب (SZM) 2021-03-06 كتاب Dewey Decimal Classification  
  2021-03-06     576 TGM مكتبة كلية التمريض - طلاب (CNM) 2021-03-06 EZF 00168044 مكتبة كلية التربية بالزلفى - طالبات (EZF) 2021-03-06 كتاب Dewey Decimal Classification  
  2021-03-06     576 TGM مكتبة كلية التمريض - طلاب (CNM) 2021-03-06 EZF 00168045 مكتبة كلية التربية بالزلفى - طالبات (EZF) 2021-03-06 كتاب Dewey Decimal Classification